|
|
|
|
| LEADER |
00000naa2a2200000 4500 |
| 001 |
625426 |
| 005 |
20231214135024.0 |
| 035 |
|
|
|a (RuTPU)RU\TPU\conf\24686
|
| 035 |
|
|
|a RU\TPU\conf\24684
|
| 090 |
|
|
|a 625426
|
| 100 |
|
|
|a 20171213d2017 k y0rusy50 ca
|
| 101 |
0 |
|
|a rus
|
| 102 |
|
|
|a RU
|
| 105 |
|
|
|a y z 101zy
|
| 135 |
|
|
|a drgn ---uucaa
|
| 181 |
|
0 |
|a i
|
| 182 |
|
0 |
|a b
|
| 200 |
1 |
|
|a Разработка экспериментальных стендов для определения теплофизических характеристик углеродной матрицы криптола
|f Р. А. Вислогузов, А. В. Астафьев
|g науч. рук. Р. Б. Табакаев
|
| 203 |
|
|
|a Текст
|c электронный
|
| 225 |
1 |
|
|a Ресурсоэффективные технологии для топливосжигающих энергетических установок
|
| 300 |
|
|
|a Заглавие с титульного экрана
|
| 320 |
|
|
|a [Библиогр.: с. 215 (4 назв.)]
|
| 461 |
|
1 |
|0 (RuTPU)RU\TPU\conf\24578
|t Интеллектуальные энергосистемы
|o труды V Международного молодёжного форума, 9-13 октября 2017 г., г. Томск
|o в 3 т.
|f Национальный исследовательский Томский политехнический университет (ТПУ), Энергетический институт (ЭНИН)
|d 2017
|
| 463 |
|
1 |
|0 (RuTPU)RU\TPU\conf\24579
|t Т. 1
|v [С. 211-215]
|d 2017
|
| 610 |
1 |
|
|a электронный ресурс
|
| 610 |
1 |
|
|a труды учёных ТПУ
|
| 610 |
1 |
|
|a экспериментальные стенды
|
| 610 |
1 |
|
|a теплофизические характеристики
|
| 610 |
1 |
|
|a углеродные матрицы
|
| 610 |
1 |
|
|a криптол
|
| 610 |
1 |
|
|a теплоснабжение
|
| 610 |
1 |
|
|a утилизация
|
| 610 |
1 |
|
|a углеводородные отходы
|
| 610 |
1 |
|
|a режимы горения
|
| 700 |
|
1 |
|a Вислогузов
|b Р. А.
|
| 701 |
|
1 |
|a Астафьев
|b А. В.
|
| 702 |
|
1 |
|a Табакаев
|b Р. Б.
|c специалист в области теплоэнергетики
|c научный сотрудник Томского политехнического университета, кандидат наук
|f 1986-
|g Роман Борисович
|4 727
|9 14133
|
| 712 |
0 |
2 |
|a Национальный исследовательский Томский политехнический университет (ТПУ)
|b Энергетический институт (ЭНИН)
|b Кафедра парогенераторостроения и парогенераторных установок (ПГС и ПГУ)
|3 (RuTPU)RU\TPU\col\18681
|
| 801 |
|
2 |
|a RU
|b 63413507
|c 20171215
|g RCR
|
| 856 |
4 |
|
|u http://earchive.tpu.ru/handle/11683/45183
|
| 942 |
|
|
|c BK
|